000 01096nam a22002177a 4500
999 _c8069
_d8069
003 AR-CdUCM
008 190322b ||||| |||| 00| 0 spa d
040 _aMUNICIPALIDAD PROVINCIAL DEL CUSCO
_cBIBLIOTECA MUNICIPAL DEL CUSCO
082 _a348.81 /
_bZ22.
100 _aZamalloa L., Rodolfo
_922790
245 _aEl coste de vida i la legislación peruana :
_bapreciaciones sobre la variabilidad interna del poder adquisitivo de la moneda, determinda por fluctuaciones del coste de vida, como factor modificante de las relaciones jurídico-patrimoniales /
260 _aCusco :
_bH.G. Rozas
_c1950.
300 _a2v. ;
_c20 cm.
500 _aCon citas legislativas desde 1852 hasta 1950. Originalmente presentada como tesis para optar el grado de Bachiller, Universidad Nacional del Cusco, Facultad de Derecho.
505 _aContenido : v.2: Fluctuaciones internas de la moneda - El poder adquisitivo de la moneda en el derecho peruano
650 _aDerecho
_9739
650 _aLegislación peruana
_99407
650 _aTesis universitarias
_922791
942 _2ddc
_cLIBROS
945 _admma